000 00662nam a2200205Ia 4500
003 IN-BaIIA
008 211028s9999 xx s 000 0 eng d
020 _a978-2-7598-0629-4 (Online)
022 _a1633-4760 (Print)
022 _a1638-1963 (Online)
040 _cIIA Library
100 _aRozelot, J.-P., ed.
_924646
245 0 _aAstronomical Spectrography for Amateurs
_h[eBook]
260 _aFrance
_bEDP Sciences
_c2011
300 _av, 214p.
490 _aEAS Publications Series
700 _aNeiner, C.
_938212
856 _uhttps://www.eas-journal.org/articles/eas/abs/2011/02/contents/contents.html
_yClick Here to Access eBook
942 _cEB
999 _c20641
_d20641